Monakijskie osiedla - Statystyki

Ogólne statystyki
  • Ten quiz został rozwiązany 4 razy
  • Średni wynik to 3 z 9
Statystyki odpowiedzi
Osiedla i Sektory % Poprawnych
Monte Carlo
100%
Monaco-Ville
50%
Fontvieille
25%
Jardin exotique
25%
La Condamine
25%
La Rousse
25%
Larvotto
25%
Moneghetti
25%
Ravin de Sainte-Dévote
25%
Nie znaleziono quizów pasujących do podanych kryteriów
Rozkład punktacji
Procent ludzi z każdym wynikiem
Percentyl według liczby udzielonych odpowiedzi
Twoja historia wyników
Nie rozwiązałeś tego quizu